[Event "FRA-ch"]
[Site "Meribel"]
[Date "1998.08.17"]
[Round "4"]
[White "Hauchard, Arnaud"]
[Black "Chomet, Pascal"]
[Result "1/2-1/2"]
[WhiteElo "2500"]
[BlackElo "2405"]
[Annotator "Ribli,Z"]
[PlyCount "189"]
[EventDate "1998.08.14"]
[EventType "tourn"]
[EventRounds "15"]
[EventCountry "FRA"]
[EventCategory "10"]
[SourceTitle "CBM 067"]
[Source "ChessBase"]
[SourceDate "1998.11.30"]
[SourceVersion "2"]
[SourceVersionDate "1998.11.01"]
[SourceQuality "1"]

{[%mdl 4096]} 1. d4 {Hecht} Nf6 2. c4 e6 3. Nf3 c5 4. Nc3 (4. d5 {Mit diesem
prinzipiellen Anwortzug würde in die Benoni-Verteidigung übergegangen. Ribli.})
4... cxd4 5. Nxd4 Nc6 6. a3 {Diese Fortsetzung wurde einst von den englischen
Großmeistern Miles und Speelman in die Turnierpraxis eingeführt. Weiß
vermeidet die Fesselung des Springers c3 und beendet in Abhängigkeit von der
schwarzen Antwort seine Entwicklung, verliert allerdings ein Tempo.} Qc7 {[#]}
(6... Be7 $2 7. e4 O-O 8. Nf3 (8. Be2 d5 9. exd5 exd5 10. O-O Nxd4 11. Qxd4 Be6
12. cxd5 Nxd5 13. Nxd5 Bxd5 {1/2-1/2 Kortschnoj,V-Kasparov,G/Horgen CS 1994})
8... d6 9. Be2 b6 10. Bf4 Bb7 11. Qd3 Qb8 12. Rd1 Ne5 13. Qb1 Ng6 14. Bg3 Nh5
15. Qc1 Nxg3 16. hxg3 Bf6 {1/2-1/2 Kortschnoj,V-Akessson,R/Antwerp op 1995 (51)
}) (6... Nxd4 7. Qxd4 b6 {[%csl Rd4] Die Dame steht im Zentrum unglücklich,
denn Schwarz kann mit ...Bc5 ein Tempo gewinnen.}) (6... Bc5 7. Nb3 Be7 {
[%csl Rb3] Schwarz verliert ein Tempo, aber der Springer steht auf b3
schlechter als auf d4.}) 7. Bg5 (7. Ndb5 $5 Qb8 8. g3 a6 9. Nd4 d6 (9... Qc7
10. Bg2 Be7 11. O-O Ne5 12. Bf4 d6 13. Rc1 O-O 14. Na4 Ng6 15. Be3 Ng4 16. Bd2
Bf6 17. e3 N4e5 18. c5 $14 {1-0 Salov,V-Yudasin,L/Madrid 1992 (59)}) 10. Bg2
Bd7 11. O-O Be7 12. b3 O-O 13. Bb2 Rc8 14. e3 Ra7 15. Ne4 e5 $2 (15... b5 16.
Nxf6+ Bxf6 17. Bxc6 Bxc6 18. Nxc6 Rxc6 19. Bxf6 gxf6 20. Qg4+ Kf8) 16. Ne2 {
1-0 Anic,D-Koch,J/Narbonne 1997 CBM (45)}) 7... Nxd4 (7... a6 8. e3 Be7 9. Rc1
O-O 10. Be2 b6 11. Bf4 Ne5 12. O-O Bb7 13. Bg3 d6 $13 {1-0 Wojtkiewicz,
A-Przewoznik,J/POL-ch 1992 (81)}) 8. Qxd4 Bc5 9. Qd2 $146 {Der Weißspieler
weicht von einer seiner früheren Partien ab.} (9. Qf4 Qxf4 10. Bxf4 O-O 11. Nb5
e5 12. Bxe5 Bxf2+ 13. Kxf2 Ng4+ 14. Kg3 Nxe5 $11 15. e3 b6 16. Nd6 Rb8 17. Be2
Bb7 18. b4 f5 19. Bf3 Bc6 20. Rhd1 Rf6 21. Rd4 Rbf8 22. a4 Rg6+ 23. Kf4 Bxf3
24. gxf3 Nc6 {1/2-1/2 Hauchard,A-Berend,F/Brussels 1993 (47)}) 9... a5 {
[%csl Gc5] Schwarz hat keine Angst vor 10.Bxf6 gxf6 und festigt seine
Läuferstellung auf c5. Die Schwäche des Feldes b5 ist dabei ohne Bedeutung.} (
9... Ng4 $2 10. e3 {Das Nehmen 10...Nxh2 wäre für Schwarz nach z.B. 12.Be2
gefährlich.}) 10. e3 (10. Bxf6 gxf6 {Auf ersten Blick scheint die schwarze
Bauernstellung schlecht, aber in Wirklichkeit kann er später ...f6-f5 ziehen.
Er kontrolliert dann die wichtigsten Felder und besitzt das Läuferpaar.} 11. g3
Qc6 $13 {[%cal Rc6h1]}) (10. e4 {[%csl Gc5][%cal Gc5f2]} Ng4 $11) 10... b6 11.
Be2 Bb7 $11 {Schwarz hat eine bequeme Stellung, ist frei von Sorgen.} 12. O-O
Ne4 (12... O-O 13. Bxf6 gxf6 14. b3 Kh8 $13 {[%cal Gf8g8,Gg8g1]}) 13. Nxe4 Bxe4
14. Bf4 (14. b3 {Auf diese Weise verhindert Weiß den schwarze
Raumgewinnungszug ...a5-a4 am Damenflügel, schwächt aber auch ein wenig seinen
Damenflügel.}) (14. b4 axb4 (14... Bd6 $5) 15. axb4 Rxa1 16. Rxa1 Bd6 $11)
14... e5 (14... d6 $2 15. b4 $18 {[%csl Rc5]}) 15. Bg3 a4 {[%csl Gc5] Jetzt
steht der Läufer "ewig" auf c5.} (15... O-O 16. b4 $14) 16. Rfd1 d6 17. Bf3 {
Der Läufertausch kommt für mich etwas überraschend, aber Weiß möchte der
Stellung etwas Leben einhauchen.} (17. Bd3 Bxd3 18. Qxd3 O-O 19. Rd2 $11 (19.
e4 Bd4 {[%csl Gd4] Der schwarze Läufer auf d4 ist sehr stark.})) 17... Bxf3 18.
gxf3 O-O 19. f4 f6 (19... exf4 20. Bxf4 Rad8 21. Qc2 Qc6 $11) 20. Qd5+ Qf7 (
20... Kh8) 21. Kg2 Ra5 {[%cal Ga5d5] Schwarz kontrolliert die fünfte Reihe,
plant später ...b6-b5.} (21... Qxd5+ 22. Rxd5 $11 {[%csl Gd5]}) 22. Rac1 g5 {
Ein origineller Zug. Der sofortige Damentausch nebst Zentralisierung des
schwarzen Königs scheint mir natürlicher zu sein.} (22... Qxd5+ 23. Rxd5 Kf7 (
23... b5 24. fxe5 fxe5 25. Bxe5 Bxe3 26. fxe3 dxe5 27. Rxe5)) 23. fxg5 fxg5 24.
h4 $36 g4 $5 {[%csl Gg4] Der schwarze Bauer drückt auf den weißen Königsflügel.
} (24... h6 $6 25. hxg5 hxg5 26. Qxf7+ Rxf7 (26... Kxf7 27. Kf3 Ke6+ 28. Ke4
$14 {[%csl Ge4][%cal Gd1h1,Gh1h7]}) 27. Rh1 $14 {[%cal Gh1h8]}) (24... gxh4)
25. h5 {Weiß isoliert den schwarzen g4-Bauern, indem er 25...h5 verhindert.}
Kg7 26. Qxf7+ Kxf7 {Die Stellung ist in der Grenze zwischen Mittel- und
Endspiel. Es gibt beiderseitige Bauernschwächen, aber der schwarze Läufer
steht aktiver.} 27. Kf1 (27. Rh1 Ke6 28. Rh4 Rg8 $11 (28... Kf5)) 27... Ke6 28.
Ke2 Ra7 29. Rh1 (29. Kd3 Rf5 30. Rh1 Rg7 $11) 29... Rb7 30. Rc2 Rg8 31. h6 Rg5
(31... b5 32. cxb5 Rxb5 $15) 32. Kd3 (32. e4 Bd4 {[%csl Gd4] Der schwarze
Läufer beherrscht das Brett.}) 32... Kf5 33. Rcc1 (33. e4+ Kg6 34. Rh4 Bd4 {
[%csl Gd4]}) 33... Rg6 (33... e4+ 34. Ke2 b5 $5 $15) 34. Rh5+ Ke6 35. Ke4 b5
$15 {Nach diesem Durchbruch ist die schwarze Stellung etwas besser. Es gibt
einige taktische Motive, wobei der schwarze Läufer stärker als sein Gegenüber
ist.} 36. cxb5 Rxb5 (36... d5+ 37. Kd3 {[%cal Rh5e5,Rg3e5]} e4+ 38. Ke2 Rxb5
39. Re5+ $13) 37. Rc2 Rg8 (37... d5+ 38. Kd3 Bd6 $15) 38. Kd3 Rb3+ {[%csl Gb3]}
39. Kd2 (39. Ke4 $4 d5#) 39... Kd5 40. Rf5 Rg6 41. Rf7 {Weiß opfert zeitweilig
einen Bauern für Aktivität.} (41. Rh5 Ke4 {[%csl Gb3,Ge4]} 42. Bxe5 Bxe3+ 43.
fxe3 Rd3+ $17 {[%csl Gd3,Ge4,Gg4]}) 41... Rxh6 42. Rg7 {[%csl Gg7][%cal Gg7h7,
Rg7g4]} Rh1 {[%csl Rd2][%cal Rh1b1,Rb1b2,Rb3b2]} 43. Rxg4 Rb1 44. Rxa4 R1xb2 {
Die Setlung ist materiell gleich, aber die schwarze Aktivität ist spürbar.} 45.
Rh4 (45. Rxb2 Rxb2+ 46. Kc3 Rb1 $15) 45... Bxa3 46. Rxb2 (46. Rxh7 Bb4+ 47. Kd1
Rd3+ 48. Kc1 (48. Ke2 Rxc2+ 49. Kxd3 Rd2#) 48... Rbb3 {[%csl Rc1]} 49. Rc8 {
Der weiße König steht allein im Sturm, aber ein konkreter Gewinn für Schwarz
ist schwer zu finden.}) 46... Rxb2+ 47. Kc3 Rb7 $17 {[%csl Gh7] Schwarz hat
einen ernfernten Freibauern und gute Figurenkoordination. Das reduzierte
Material gibt dem Weißen gewisse Rettungschancen.} 48. e4+ Kc5 (48... Ke6 $2
49. Rh6+ $11 {[%csl Re6,Gh6]}) 49. f4 $5 {Weiß tauscht so viel Material wie
möglich.} Bb2+ (49... exf4 50. Bxf4 $15) 50. Kc2 Bd4 {[%csl Rc2]} 51. fxe5 dxe5
(51... Bxe5 $2 52. Bxe5 dxe5 53. Kd3 $11 {In diesem Turmendspiel kann Weiß
leicht Remis halten.}) 52. Rh5 Kc4 {[%csl Gc2] Die weiße Stellung scheint
kritisch, denn der König ist in großer Not. Weiß findet allerdings die einzige
Rettungsmöglichkeit - ein Figurenopfer.} 53. Bxe5 $1 Rb2+ (53... Rb5 54. Rxh7
Bxe5 {Das ist ähnlich der Partiestellung.}) 54. Kd1 Rb5 {[%cal Rb5h5]} 55. Ke2
(55. Rxh7 Bxe5 (55... Kd3 56. Rh3+ Be3 57. Rxe3+ $11 {Der Läufer kann gegen
den Turm leicht Remis halten.}) 56. Ke2 $15) 55... Bxe5 56. Rxh7 Kd4 {[%csl
Re4] Der weiße Bauer ist zwar schwach, aber ohne Bedeutung.} 57. Rd7+ Kxe4 {
Das ist ein interessantes Endspiel. Gemäß der Regel kann 50 Züge auf Gewinn
gespielt werden. Bei gutem Spiel kann Weiß Remis halten, aber die Verteidigung
ist nicht so einfach. Bronstejn verlor ein solches Enspiel z.B. 1949 gegen
Smyslow. Hecht: '[#] Diese Position und alle folgenden sollten Sie der
ENDSPIEL-CD vorlegen oder in John Nunns Buch "Secrets of pawnless endings"
herumstöbern. Die Arbeits ist zwar mühsam, aber vielleicht bekommen Sie ja
doch einmal solch ein Endspiel, und haben dann hoffentlich noch nicht alles
vergessen...! In meiner eigenen umfangreichen Endspielpraxis kommt dieses
Endspiel nicht vor.'} 58. Rd8 (58. Re7 Rb2+ 59. Ke1 Kd4 60. Kf1 Bf4 61. Re2 $15
) 58... Rb7 59. Rd2 {Das ist die beste Verteidigung. Weiß hält wenn möglich
die 2. Reihe} (59. Re8 Rb2+ 60. Ke1 Kd4 61. Kf1 Bf4 62. Re2 $15) 59... Rh7 60.
Rc2 Bd4 (60... Rh2+ 61. Kd1 Rh1+ 62. Ke2 $15) 61. Kd2 Rh3 62. Ke2 Bc3 63. Kd1
Rd3+ (63... Rh1+ 64. Ke2 Re1+ $2 65. Kf2 {[%csl Rc3,Re1]} Kd4 (65... Re3 66.
Re2 $11) 66. Rxc3 $11) 64. Ke2 Re3+ {Schwarz spielt gut. Zuerst er probiert
einen neutralen Plan, kommt erst später mit den Hauptdrohungen.} 65. Kf2 (65.
Kd1 $4 Re1#) 65... Be1+ 66. Kf1 Kd3 67. Rc7 Bc3 68. Rd7+ Bd4 69. Rf7 (69. Rd8
$2 Rg3 $19 {[%csl Rf1][%cal Rg3g1] Das ist ein typisches Gewinnmotiv in diesem
Endspiel.}) 69... Rg3 70. Ke1 {Das ist die wohlbekannte Remisstellung von Szen.
Der ungarische Spieler analysierte im letzten Jahrhundert diese Stellung. 
Weiß muß mit dem König in Springeropposition bleiben, während der Turm die
gegnerischen Grundreihenschachs parieren können muß.} Rg1+ 71. Rf1 Rg7 (71...
Bc3+ 72. Kf2 $15) (71... Rg2 72. Rf7 $15) 72. Rf8 {'!' Hecht.} (72. Rf4 {Hecht}
Ke3 $19 73. Rf1 (73. Rf8 Rg1+ 74. Rf1 Bc3+) 73... Ra7) 72... Be3 (72... Ke3 73.
Re8+ Kd3 74. Rf8 (74. Rd8 Rg1#) 74... Be3 75. Rd8+ Ke4 76. Rf8 {Schwarz kommt
nicht voran.}) 73. Rd8+ Ke4 (73... Bd4 74. Rf8 Rb7 75. Kf1 $15) 74. Rf8 Rg2 75.
Kf1 Ra2 (75... Rg1+ 76. Ke2 $15) 76. Ke1 Kd3 77. Kf1 (77. Rd8+ $2 {Weiß muß
vorsichtig sein, denn ein so "natürlicher" Zug verliert sofort.} Bd4 {[%csl
Re1][%cal Ra2a1]} 78. Kf1 $8 Rf2+ 79. Ke1 (79. Kg1 Rf8+ $19) 79... Rf5 80. Rd7
(80. Re8 Bc3+ 81. Kd1 Rf1+ $19) 80... Rb5 {[%csl Re1][%cal Rb5b1]} 81. Kf1 Rg5
$19 {[%cal Rg5g1]}) 77... Ra1+ 78. Kg2 Ke2 79. Kg3 Rg1+ 80. Kh4 {Die Stellung
hat sich um 90 Grad gedreht.} Kd3 81. Re8 Ke2 82. Rf8 {Weiß spielt einfach,
gibt kein Turmschach, sondern verhindert lediglich die Annäherung des
gegnerischen Königs.} Rg7 83. Kh5 (83. Re8 $6 Kf3 84. Rf8+ Bf4 85. Kh5 Rg5+ 86.
Kh4 Rd5 (86... Rg6 87. Rf5 Rh6+ 88. Rh5 $15) 87. Rf7 $15 {Weiß befindet sich
in passiver Lage, aber es gibt keinen Gewinn.}) 83... Bd4 84. Kh6 Kd3 85. Re8
Rg1 86. Kh7 {Weiß bereitet 87.Rg8 vor, um sich zu befreien.} Be3 87. Rg8 Rh1+ (
87... Rxg8 $2 88. Kxg8 $11) 88. Kg6 Ke4 (88... Rg1+ 89. Kf7) 89. Re8+ Kf4 90.
Ra8 Rg1+ 91. Kf7 Bd4 92. Rg8 Ra1 (92... Rxg8 $2 93. Kxg8 $11) 93. Ke6 Ra6+ 94.
Kd5 Bf6 95. Rg1 {Schwarz könnte noch weiterspielen, aber es ist
unwahrscheinlich, daß er in 12 Zügen (50-Züge-Regel) gewinnt.} 1/2-1/2

[Event "RUS-ch51"]
[Site "St Petersburg"]
[Date "1998.08.03"]
[Round "7"]
[White "Epishin, Vladimir"]
[Black "Yemelin, Vasily"]
[Result "0-1"]
[WhiteElo "2585"]
[BlackElo "2510"]
[Annotator "Ribli,Z"]
[PlyCount "54"]
[EventDate "1998.07.28"]
[EventType "swiss"]
[EventRounds "11"]
[EventCountry "RUS"]
[SourceTitle "CBM 067"]
[Source "ChessBase"]
[SourceDate "1998.11.30"]
[SourceVersion "2"]
[SourceVersionDate "1998.11.01"]
[SourceQuality "1"]

{[%mdl 64]} 1. Nf3 c5 2. c4 Nc6 3. Nc3 Nf6 (3... Nd4 {Dieser schräge
Springerzug führt zu interessantem Spiel. Ribli.}) 4. d4 cxd4 5. Nxd4 e6 6. g3
Qb6 {Das ist die moderne Fortsetzung. Die Alternativen 6...Bb4, 6...Bc5, 6...
Be7 oder 6...a6 sind auch spielbar, aber der Textzug bietet Schwarz die besten
Möglichkeiten.} 7. e3 {Meines Erachtens kann Weiß mit dieser zahmen
Fortsetzung nicht um Eröffnungsvorteil kämpfen.} Bb4 (7... Nxd4 8. exd4 Bb4 9.
Bg2 d5 10. c5 Qa6 11. Qb3 Bxc3+ 12. Qxc3 Bd7 13. a4 Ne4 14. Qc2 Qa5+ 15. Bd2
Nxd2 16. Qxd2 Qxd2+ 17. Kxd2 a5 18. Rhb1 Bc6 19. Bf1 Kd7 {1/2-1/2 Nogly,C-Emms,
J/Hamburg 1995 (48)}) (7... Bc5 8. Nb3 (8. Bg2) 8... Be7 9. Bg2 O-O 10. O-O d6
11. e4 Ne5 12. Be3 Qb4 13. c5 dxc5 14. a3 Qc4 15. Rc1 Rd8 16. Nd5 exd5 17. Rxc4
dxc4 18. Nd2 b5 $44 {0-1 Paunovic,T-Rogulj,B/Belgrade 1988/(36)}) (7... d5 8.
cxd5 Nxd5 9. Bg2 Nxc3 10. bxc3 Be7 11. Nxc6 bxc6 12. Qd4 $13) 8. a3 $6 $146 {
Dieser Zug gefällt mir nicht. Für gewöhnlich ist es nicht notwendig, den
Läufer zum Tausch zu zwingen, wenn Weiß mit dem Bauern zurücknehmen muß. In
der konkreten Partiestellung bekommt Weiß viele Schwächen am Damenflügel, für
die das Läuferpaar keine ausreichende Kompensation darstellt.} (8. Bg2 d5 (8...
Ne5 9. Qb3 (9. O-O Nxc4 10. Na4 Qa5 11. a3 Be7 12. b4 Qc7 13. Qc2 d5 14. Nb2
Bd7 15. e4 Rc8 16. exd5 Nxd5 17. Re1 Ncb6 18. Qb3 O-O 19. Bd2 Bf6 {0-1
Plaksin-Izhnin,A/Simferopol 1991(27)}) 9... Qc5 10. Nc2 Ba5 11. Na3 d5 12. cxd5
Nxd5 13. O-O Nxc3 14. bxc3 Qxc3 15. Nb5 Qxb3 16. axb3 Bb6 17. Ba3 a6 18. Nd6+
Kd7 19. Rfd1 Kc7 20. Nb5+ {1-0 Pomar Salamanca,A-Penrose,J/England 1970 (20)})
9. cxd5 Nxd4 10. Qxd4 Qxd4 $11 {1/2-1/2 Obukhov,A-Ovetchkin,R/Briansk 1995})
8... Bxc3+ 9. bxc3 {Weiß hat eine schlechte Bauernstruktur, in der
insbesondere die Doppelbauern in der c-Linie schwach sind.} O-O (9... e5 $6 10.
Nb5 O-O 11. Bg2 $13) 10. a4 {Weiß möchte den schwarzfeldrigen Läufer
aktivieren.} (10. Bg2 Ne5 11. Qe2 Qc5 $15 {[%csl Rc4,Gc5,Ge5]}) 10... d5 $1 $15
{Zwar ist der Bauer c4 schwach, aber nach dem Abtausch kommt der schwarze
Springer ins Spiel.} 11. Ba3 (11. cxd5 Nxd5 {[%csl Gd5]} (11... exd5 12. Bg2
Bg4 {Auch hier hat Schwarz bequemes Spiel.}) 12. Qc2 (12. c4 Nf6 $15) 12... e5
$15) 11... Rd8 {[%cal Gd8d1]} 12. Bg2 (12. Rb1 Qc7 $15 (12... Qa5 $5 13. Bb4
Qc7 $15)) 12... dxc4 13. O-O (13. Bxc6 bxc6 14. Be7 Rd5 15. Bxf6 gxf6 $17 {
Schwarz hat zwei Doppelbauern, aber die weißen Felder im Lager des Anziehenden
sind sehr schwach.}) 13... e5 14. Rb1 (14. Bxc6 exd4 15. Bg2 dxe3 $17 (15...
dxc3 $17)) (14. Nxc6 Rxd1 15. Ne7+ {Turm und Leichtfigur sind zu wenig für die
Dame.} Kh8 16. Raxd1 Bg4 $19 (16... Bd7 $19)) 14... Qa5 15. Nxc6 bxc6 16. Qe2
$6 {Den Bauern c3 aufzugeben ist ein schwerer Fehler. Weiß mußte ihn um jeden
Preis decken.} (16. Qc2 $5 Nd5 17. Bb4 Qc7 $15) 16... Qxc3 17. Bb4 (17. Bxc6
Bg4 (17... Bh3) 18. Qa2 Rac8 $17) 17... Qd3 18. Qxd3 (18. Qb2 e4 $17) 18...
cxd3 19. Bxc6 Bh3 $1 $17 (19... Rb8 20. Be7 $132 {[%csl Gb1,Gc6,Ge7]}) 20. Rfd1
(20. Bxa8 Bxf1 21. Kxf1 (21. Be7 Rxa8 22. Bxf6 gxf6 23. Kxf1 Rc8) 21... Rxa8
$17 {[%csl Gd3] Schwarz besitzt einen Mehrbauern und der Freibauer d3 ist
gefährlich.}) 20... Rab8 21. Ba5 (21. Be7 Rxb1 22. Rxb1 Rc8 $17) 21... Rxb1 22.
Rxb1 Rc8 23. Bb7 (23. Bb5 e4 $17) 23... Rc5 {[%csl Gd3,Gh3][%cal Rc5a5]} 24.
Bb4 Rc2 25. f3 (25. Ba6 e4 $17 (25... d2 26. Bxd2)) 25... h5 {[%csl Gc2,Gd3,
Rg1,Gh3] Schwarz öffnet seine Königsstellung und nimmt Grundreihenmotive aus
der Stellung.} 26. e4 d2 $19 {Der gefährliche schwarze Freibauer entscheidet
den Kampf.} 27. Ba3 Ra2 {und Weiß gab in verlorener Stellung auf.} (27... Ra2
28. Bd6 (28. Bc5 Rb2 $19 {[%csl Gd2][%cal Rb2b7,Rb2b1]}) 28... Rb2 $19 {
[%csl Rb1,Rb7,Gd2][%cal Rb2b1,Rb2b7]}) 0-1

[Event "EU-chT (Men) 14th"]
[Site "Plovdiv"]
[Date "2003.10.13"]
[Round "3.4"]
[White "Nikolaidis, Ioannis"]
[Black "Bistric, Faruk"]
[Result "1-0"]
[WhiteElo "2467"]
[BlackElo "2503"]
[Annotator "Ribli,Z"]
[PlyCount "85"]
[EventDate "2003.10.10"]
[EventType "team-swiss"]
[EventRounds "9"]
[EventCountry "BUL"]
[SourceTitle "CBM 098"]
[Source "ChessBase"]
[SourceDate "2004.02.03"]
[SourceVersion "1"]
[SourceVersionDate "2004.02.03"]
[SourceQuality "1"]
[WhiteTeam "Greece"]
[BlackTeam "Bosnia&Herzegovina"]
[WhiteTeamCountry "GRE"]
[BlackTeamCountry "BIH"]

1. Nf3 c5 2. c4 Nc6 3. d4 {Mit diesem Zug kann Schwarz die heutzutage populäre
Variante - 3.Nc3 e5 - vermeiden.} cxd4 4. Nxd4 Nf6 5. Nc3 e6 6. Ndb5 {Dieser
Zug wird heutzutage nicht so häufig gespielt - die Partiefortsetzung war vor
ungefähr 20 Jahren populär. Die Alternativen sind - 6.Bg5, 6.Bf4, 6.a3 und
hauptsächtlich 6.g3.} d5 7. Bf4 e5 8. cxd5 exf4 9. dxc6 bxc6 10. Qxd8+ Kxd8 {
Nach forcierten Zügen haben wir eine Stellung, wo Schwarz das Läuferpaar hat,
aber seine Bauernstruktur schwach ist.} 11. Rd1+ Bd7 12. Nd6 Rb8 {Dieser
Turmzug führt zu Komplikationen, weil die Alternativen (hauptsächtlich 12...
Bxd6!?) sind sicherer und bieten Schwarz gute Ausgleichschancen.} (12... Bxd6
$5) (12... Kc7) 13. Nxf7+ Ke8 14. Nxh8 (14. Nd6+ Bxd6 15. Rxd6 Rxb2 16. Rd2 Rb4
17. g3 Rc4 18. Nd1 fxg3 $11) 14... Rxb2 {Weiß hat einen ganzen Turm mehr, aber
der h8N steht unglücklich und droht 15...Bb4.} 15. Rd2 {Dieser Turmzug liegt
auf der Hand, aber wahrscheinlich ist die Alternative 15.Rd4 besser.} (15. Rd4
a5 (15... Bb4 16. Rxb4 Rxb4 17. g3 Kf8 18. gxf4 Rxf4 19. Rg1 Kg8 20. Ng6 hxg6
21. Rxg6 Rh4 22. Bg2 Rxh2 23. Bf3 {1-0 Stean,M-Liberzon,V/Vienna 1980/MCL (58)}
) 16. g4 Bb4 17. Rxb4 axb4 18. Nd1 Rxa2 19. g5 Nd5 20. g6 hxg6 21. Nxg6 b3 {
1/2-1/2 Cvetkovic,S-Vadasz,L/Trnava 1981/MCD (27)}) (15. f3 $2 Bb4 16. g3 Nd5
17. Kf2 Bc5+ 18. Ke1 Nxc3 {0-1 Ducret,T-Kosten,A/Cap d'Agde FRA 2003/(18)}) (
15. Rc1 $2 Bb4 16. Kd1 Ng4 17. Ne4 Nxf2+ $1 $19) 15... Bb4 16. Rxb2 Bxc3+ 17.
Kd1 (17. Rd2 Ne4 $17) 17... Bxb2 18. Kc2 Be5 {Nach weiteren forcierten Zügen
hat Schwarz eine Qualität weniger, aber der h8N steht ganz passiv und die
schwarzen Figuren stehen aktiv.} 19. e3 $146 (19. e4 Be6 20. a4 Nd7 21. Be2 g5
22. Bh5+ Ke7 23. h4 g4 24. Nf7 Bxf7 25. Bxg4 Nc5 26. Rb1 a5 {1/2-1/2 Varga,
Z-Nisipeanu,L/Budapest 1996/CBM 52 ext (41)}) 19... fxe3 20. fxe3 Nd5 $44 {
[%mdl 1024] Schwarz hat ein lebendiges Figurenspiel und das Läuferpaar, was
ausreichend Kompensation für das Material gibt.} (20... Ng4 $5 21. Bc4 (21. Kd2
$4 Nf2 22. Rg1 Bxh2 $19) 21... Nxe3+ {Auf diese Weise haben wir die Variante
von der Partie(Anmerkung nach 21...Nxe3+)mit Zugumstellung.}) 21. Bc4 (21. e4
Nb6 $44) 21... Ke7 $6 (21... Nxe3+ $1 22. Kd3 Nxc4 23. Kxc4 Be6+ 24. Kc5 (24.
Kd3 Bf6 {[%csl Rh8][%cal Re6a2] Jetzt droht schon 25...Bxa2, was ganz schlecht
wäre - 24...Bxa2?? - wegen 25.Re1.}) 24... Kd7 25. Rd1+ Bd5 26. Nf7 Bxh2 $17)
22. Kd2 $13 Be6 (22... g6 23. Nf7 Kxf7 24. e4 {[%cal Rc4f7,Re4d5]} Be6 25. exd5
cxd5 26. Bb3 Ke7 $14) 23. Rb1 $36 {[%csl Gb1][%cal Gb1b8] Plötzlich ist es
Weiss, der die aktive Figuren hat; es ist nicht leicht für Schwarz den
h8-Springer zu fangen.} Nb6 (23... g6 24. Rb7+ Kf8 25. e4 $18) (23... Bc8) 24.
Bxe6 Kxe6 25. Rf1 $14 {[%csl Gf1][%cal Gh8f7,Gf1f8][%mdl 4096]} Bf6 $6 (25...
Nc4+ 26. Kd3 Nd6 27. Rf8 $14) 26. Rc1 {[%csl Rc6][%cal Rc1c6]} Kd5 27. e4+ Kd6
(27... Kxe4 28. Rxc6 $16) 28. e5+ $1 Kxe5 (28... Bxe5 29. Nf7+ Ke6 30. Nxe5
Kxe5 31. Rxc6 $18) 29. Rxc6 $16 {Weiss hat schon eine klare Qualität mehr und
der h8N kann mit Nf7 herauskommen.} Kd5 30. Rc7 a5 31. Ra7 (31. Nf7) 31... a4
32. Nf7 Kc5 33. Kc2 (33. Kd3) 33... Kb4 34. Nd6 Be5 (34... Ka3 35. Kd3 Kxa2 36.
Ra6 Bd8 37. Nc8 Nxc8 38. Rxa4+ Kb3 39. Ra8 $18) 35. Rb7 Kc5 36. Rxb6 $1 $18
Bxd6 (36... Kxb6 37. Nc4+ $18 {[%cal Rc4b6,Rc4e5]}) 37. Rb7 Be5 38. Kd3 h5 39.
h3 h4 40. Re7 Bf6 41. Re4 Kb5 42. Rg4 Ka5 43. Kc4 1-0